Загрузка...
Lectures on rings and modules
| Другие авторы: | |
|---|---|
| Формат: | Printed Book |
| Опубликовано: |
Springer-Verlag, Berlin
1972
|
| Серии: | Lecture Notes in Mathematics, No.0246
|
| Предметы: |
| LEADER | 00517nam a2200169 4500 | ||
|---|---|---|---|
| 082 | |a R LNM.0246 | ||
| 100 | |a Dold, A, |e Editor | ||
| 245 | |a Lectures on rings and modules |c A Dold | ||
| 250 | |||
| 260 | |a Springer-Verlag, Berlin |c 1972 | ||
| 300 | |||
| 490 | |a Lecture Notes in Mathematics, No.0246 | ||
| 650 | |a Lecture Notes in Mathematics | ||
| 700 | |e Editor | ||
| 942 | |c BK | ||
| 999 | |c 200831 |d 200831 | ||
| 952 | |0 0 |1 0 |4 0 |6 R_LNM_0246_000000000000000 |7 0 |9 214180 |a MAT |b MAT |l 0 |o R LNM.0246 |p MAT1661 |r 2019-11-01 |w 2019-11-01 |y BK | ||